| 000 | 00560nam a22001817a 4500 | ||
|---|---|---|---|
| 005 | 20231025124919.0 | ||
| 010 | _aENG-138297 | ||
| 020 |
_a2190883065 _c495.00 |
||
| 035 | _aEN-121829 | ||
| 037 | _bDBAD/PUB | ||
| 082 | _a628.1 | ||
| 100 |
_aKVSG Murali Krishna _958004 |
||
| 245 |
_aIndustrial water and wastewater management/ _cKVSG Murali Krishna |
||
| 260 |
_bParamount _c2023 |
||
| 270 |
_aA-531 H.No. 4-32-521 Phase-1 Allwyn Colony Kukatpally _bHydrabad _e500072 |
||
| 300 |
_a256p. _c24cm(pbk) |
||
| 942 |
_2ddc _cEN _h628.1 _mKVS |
||
| 999 |
_c198843 _d198843 |
||